Les 10 Africains les plus décisifs dans le top 5 européen. - Statistiques

Statistiques générales
  • Ce quiz a été pris 176 fois
  • Le résultat moyen est 7 sur 10
Statistiques - réponses
G+A Joueurs Pays % Correct
253 Mohamed Salah Egypte
99%
290 Samuel Eto'o Cameroun
97%
210 Didier Drogba Cote d'ivoire
96%
150 Riyad Mahrez Algerie
96%
159 Sadio Mane Senegal
96%
276 Pierre-Emerick Aubameyang Gabon
88%
147 Emmanuel Adebayor Togo
48%
137 Gervinho Cote d'ivoire
28%
143 Salomon Kalou Cote d'ivoire
23%
147 Frederic Kanoute Mali
9%
Aucun quiz correspondant
Distribution des résultats
% des personnes avec chaque résultat
Percentile par nombre de réponses
Votre historique - résultats
Vous n’avez pas pris ce quiz